Η Γη των ανθρώπων

Αποθηκεύτηκε σε:
Λεπτομέρειες βιβλιογραφικής εγγραφής
Κύριος συγγραφέας: Saint-Exupery, Antoine de, 1900-1944
Άλλοι συγγραφείς: Αθανασιάδης, Νίκος, 1904-1990 (Μεταφραστής)
Μορφή: Βιβλίο
Γλώσσα:Greek
French
Δημοσίευση: Αθήνα : Σ.Ι. Ζαχαρόπουλος, c1983.
Σειρά:Κλασική λογοτεχνία (Ζαχαρόπουλος) ; 44
Θέματα:
Ετικέτες: Προσθήκη ετικέτας
Δεν υπάρχουν, Καταχωρήστε ετικέτα πρώτοι!

MARC

LEADER 00000cam a2200000 i 4500
001 1/32860
008 941103s1983 gr | ||| |||| ||gre||
035 |a 1990  |c ΔΩΡΕΑ  |l 10039212 
040 |a GR-MyUA  |b gre  |e AACR2 
041 1 |a gre  |h fre 
082 0 |a 843 
100 1 |a Saint-Exupery, Antoine de,   |d 1900-1944. 
245 1 2 |a Η Γη των ανθρώπων /   |c Αντουαν Ντε Σαιντ Εξυπερυ ; μετάφραση Νίκου Αθανασιάδη.  
260 |a Αθήνα :   |b Σ.Ι. Ζαχαρόπουλος,   |c c1983.  
300 |a 176 σ. ;   |c 18 εκ.  
490 1 |a (Κλασσική λογοτεχνία   |v ; 44)  
500 |a Τίτλος πρωτοτύπου: Terre des hommes.  
650 0 0 |a French fiction. 
700 1 |a Αθανασιάδης, Νίκος,   |d 1904-1990,  |e trl 
830 0 |a Κλασική λογοτεχνία (Ζαχαρόπουλος)  |v  ; 44 
852 |a INST  |b SAMOS  |e 19941103  |h 843 SAI  |p 005300000521  |q 005300000521  |t BK  |y 0 
909 |a Σ  |b 000273